000 00637nam a2200205Ia 4500
005 20250508160204.0
008 008 250505s9999 xx 000 0 eng d
037 _aBooks to be hide in OPAC
040 _aFEDL
_beng
_cFEDL
041 _aeng
_2eng
084 _qFEDL
100 _aSmith Anna Tolman
_9767996
245 0 _aDemand for vocational education in the countries at war
245 0 _cDepartment of the Interior. Bureau of Education
260 _aWashington, USA
_bU.S. Government Printing Office
_c1917
300 _a32p.
546 _aBulletin, 1917, No. 36; Weeded out
942 _cHB
999 _c1362518
_d1362518